Dôvera ako faktor ovplyvňujúci emisie dlhopisov z pohľadu podniku habilitačná práca

Enregistré dans:
Détails bibliographiques
Auteur principal: Tkáč, Michal, ml., 1984-
Collectivité auteur: Podnikovohospodárska fakulta EU so sídlom v Košiciach. Katedra finančného riadenia podniku
Autres auteurs: Delina, Radoslav
Format: Livre
Langue:slovaque
Publié: Košice 2017
Sujets:
Tags: Ajouter un tag
Pas de tags, Soyez le premier à ajouter un tag!

MARC

LEADER 00000nam a2200000 4500
001 0259554
005 20230307131439.8
041 0 |a slo 
044 |a SK 
245 1 0 |a Dôvera ako faktor ovplyvňujúci emisie dlhopisov z pohľadu podniku  |b habilitačná práca  |c Michal Tkáč ml. ; oponent: Radoslav Delina... [et al.] 
264 1 |a Košice  |c 2017 
300 |a 158 s. 
610 2 0 |a dlhopisy 
610 2 0 |a emisia 
610 2 0 |a podnik 
610 2 0 |a ceny 
610 2 0 |a rating 
610 2 0 |a dôvera 
100 1 |a Tkáč, Michal, ml., 1984- 
700 1 |a Delina, Radoslav 
710 2 |a Podnikovohospodárska fakulta EU so sídlom v Košiciach. Katedra finančného riadenia podniku